| 000 | 00375nam a2200145Ia 4500 | ||
|---|---|---|---|
| 008 | 230917s9999||||xx |||||||||||||| ||und|| | ||
| 040 |
_e9494 _aMAIN |
||
| 041 | _aEnglish | ||
| 082 | _a541.3453 M427S | ||
| 100 | _aMatijevic, Egon, ed. | ||
| 245 | 0 | _aSurface and colloid sciences. V2 | |
| 260 |
_aNew York _bWiley-Interscience _c1969 |
||
| 300 | _avi, 298 p. | ||
| 942 | _cBK | ||
| 999 |
_c166579 _d166579 |
||